Význam stratégie hlasovania vo volebnom procese
Demokracia ako východisko procesu verejnej voľby. Volebné systémy v SR. Voľby na miestnej a regionálnej úrovni. Voľby na centrálnej úrovni. Stratégia hlasovania a voľby v SR.
Gespeichert in:
| 1. Verfasser: | |
|---|---|
| Format: | Buchkapitel |
| Sprache: | Slowakisch |
| Schlagworte: | |
| Tags: |
Keine Tags, Fügen Sie das erste Tag hinzu!
|
MARC
| LEADER | 00000naa$a2200000$$$4500 | ||
|---|---|---|---|
| 001 | 0105329 | ||
| 005 | 20240502083250.4 | ||
| 041 | 0 | |a slo | |
| 044 | |a PL | ||
| 245 | 1 | 0 | |a Význam stratégie hlasovania vo volebnom procese |c Erika Neubauerová |
| 520 | |a Demokracia ako východisko procesu verejnej voľby. Volebné systémy v SR. Voľby na miestnej a regionálnej úrovni. Voľby na centrálnej úrovni. Stratégia hlasovania a voľby v SR. | ||
| 610 | 2 | 0 | |a správa verejná |
| 610 | 2 | 0 | |a financie verejné |
| 610 | 2 | 0 | |a voľby |
| 610 | 2 | 0 | |a systém |
| 610 | 2 | 0 | |a Slovensko |
| 100 | 1 | |a Neubauerová, Erika, 1968- | |